00926nam a2200265 i 450000100060000000300080000600500170001400800390003102000150007003500190008504000230010404100080012708200220013510000280015724500740018526000400025930000350029950400390033465000320037365000540040570000410045994200120050099900170051295201310052917166BD-RjUL20211209000111.0140216s1976 maua b 001 0 eng a0395206332 a(BD-RjUL)17223 aDLCcDLCdDLCbeng aeng00a658.403bJOQ 19761 aJohnson, Ross H.95294310aQuantitative methods for management /cRoss H. Johnson, Paul R. Winn. aBoston :bHoughton Mifflin,cc1976. axvii, 417 p. :bill. ;c24 cm. aIncludes bibliographies and index. 0aOperations research.952944 0aIndustrial managementxMathematical models.981191 aWinn, Paul R.,ejoint author.952945 2ddccBK c17166d17166 00102ddc40708NFICaRUCLbRUCLcStackd1992-10-31eN/Ag0.00l0o658.403 JOQ 1976r2014-02-16 00:00:00tC-5w2014-02-16yBK